The whalers of Akutan: An account of modern whaling in the Aleutian islands

Salvato in:
Dettagli Bibliografici
Autore principale: Birkeland, Knut B (Autore)
Natura: Libro
Lingua:inglese
Pubblicazione: New Haven Yale University press 1926
Edizione:1a. ed
Soggetti:
Tags: Aggiungi Tag
Nessun Tag, puoi essere il primo ad aggiungerne!!

MARC

LEADER 00000nam a2200000 a 4500
001 UCJ5003
003 CL-VaPUC
008 070124e19260000US |||||||||||||||||eng|d
082 0 4 |a 910.4  |b BIR  |2 21 
100 0 |a Birkeland, Knut B  |e author  |9 509649 
245 1 4 |a The whalers of Akutan: An account of modern whaling in the Aleutian islands 
250 |a 1a. ed 
300 |a 171 p 
942 |c BK 
945 |d 20070124 00:00:00  |a rinostro 
260 |a New Haven  |b Yale University press  |c 1926 
500 |a Front., el autor junto a una ballena; ilustraciones conforme a lo señalado en índice 
650 7 |a PESCA Y CAZA  |2 CL-VaPUC  |9 506998 
650 7 |a BALLENEROS  |2 CL-VaPUC  |9 504565 
650 0 |a Fauna marina  |9 261231 
650 0 |a Industria pesquera  |9 255432 
651 7 |a ISLAS ALEUTIANAS  |2 CL-VaPUC  |9 506668 
583 |a last modification  |c 20160923 12:22:53  |k Rodrigo Vera 
999 |c 321117  |d 321115 
952 |0 0  |1 0  |4 0  |6 910_400000000000000_BIR_1926  |7 0  |8 X  |9 399783  |a FDOBUD  |b FDOBUD  |d 2019-11-22  |i 1028715  |o 910.4 BIR 1926  |p 1028715  |r 2019-11-22  |w 2019-11-22  |y BK_X  |k BUD